logo

Bir Sreshtho Munshi Abdur Rouf Library
Jhenaidah Cadet College

The new building better English 12 / (Record no. 6210)

MARC details
000 -LEADER
fixed length control field 00827cam a22002771 4500
001 - CONTROL NUMBER
JCCL Control Number 6210
003 - CONTROL NUMBER IDENTIFIER
JCCL marc code BD-JhCC
005 - DATE AND TIME OF LATEST TRANSACTION
control field 20190114134017.0
008 - FIXED-LENGTH DATA ELEMENTS--GENERAL INFORMATION
fixed length control field 750421s1948 xx 000 0 eng
035 ## - SYSTEM CONTROL NUMBER
system control number (BD-JhCC)6210
035 ## - SYSTEM CONTROL NUMBER
system control number (OCoLC)1290508
040 ## - CATALOGING SOURCE
Original cataloging agency DLC
Transcribing agency FO
Modifying agency OCoLC
-- DLC
-- (BD-JhCC)
041 ## - LANGUAGE CODE
Language code of Book eng
050 00 - LIBRARY OF CONGRESS CALL NUMBER
Classification number PE1111
Item number .J47
082 ## - DEWEY DECIMAL CLASSIFICATION NUMBER
Classification number 808
Author mark and Year DEB 1956
100 1# - MAIN ENTRY--PERSONAL NAME
Personal name Deboer, John J
245 10 - TITLE STATEMENT
Title The new building better English 12 /
Statement of responsibility, etc John J Deboer
260 ## - PUBLICATION, DISTRIBUTION, ETC. (IMPRINT)
Place of publication, distribution, etc Evanston, Ill. :
Name of publisher, distributor, etc Row, Peterson,
Date of publication, distribution, etc 1948.
300 ## - PHYSICAL DESCRIPTION
Pagination 374 p. :
Other physical details illus.
Dimensions 24 cm.
500 ## - GENERAL NOTE
General note Grade 12 by John J. De Boer. Includes bibliographies.
650 #0 - SUBJECT ADDED ENTRY--TOPICAL TERM
Topical term or geographic name as entry element English language
General subdivision Composition and exercises.
650 #0 - SUBJECT ADDED ENTRY--TOPICAL TERM
Topical term or geographic name as entry element English language
General subdivision Grammar
700 1# - ADDED ENTRY--PERSONAL NAME
Personal name De Boer, John James,
Dates associated with a name 1903-1969.
942 ## - ADDED ENTRY ELEMENTS (KOHA)
Source of classification or shelving scheme Dewey Decimal Classification
Koha item type Books
Koha issues (borrowed), all copies 1
Holdings
Source of classification or shelving scheme Damaged status Not for loan Home library Current library Shelving location Total Checkouts Full call number Barcode Date last seen Date checked out Copy number Koha item type
Dewey Decimal Classification     JCC Rouf Library JCC Rouf Library General Stacks 1 808 DEB 1956 906 02/17/2019 01/13/2019 C - 1 Books

JCC Library | Contacts | JCC Home

Last Update on 23 September 2017
Copyright @ 2017-2020 JCC Rouf Library
Rouf Library, Jhenidah Cadet College (JCC), Bangladesh